Ufo361 quiz - Statistiken

Allgemein
  • Dieses Quiz wurde 119 mal gespielt
  • Das Durchschnittsergebnis liegt bei 5 aus 12
Antwortstatistiken
Frage Antwort % Korrekt
Welche Wurzel hat er? türkische
85%
In welchem Bezirk in Berlin wuchs er auf? Kreuzberg
74%
In welchem Jahr kam das Album „Ich bin ein Berliner“ raus? 2016
67%
Wie alt ist er gerade? 35
48%
Mit wem hat er kein Feature? Summer Cem
48%
Wie viele Lieder hat er mit Capital Bra? 6
44%
Wie viele monatlichen Hörer hat er gerade? (23.11.2023) ca. 3,400,000
41%
Mit welchem Musikstil begann er? Old-School-HipHop
41%
Wie viele Songs sind in dem Album „Nur für dich“ mit Sonus030? 13
37%
Welche Auszeichnung bekam er 2018? „Bester Song national“
22%
Wie viele Songs hat er mit „2.0“? 7
15%
Wie viele Merchartikel kann man aktuell auf seinem Spotify Account sehen? 12
7%
Keine übereinstimmenden Quizze gefunden
Verteilung der Resultate
Anzahl Personen mit jedem Resultat
Perzentil nach korrekt beantworteten Fragen
Ihre Resultats-Entwicklung
Sie haben dieses Quiz noch nicht gespielt